|
|
|
|
| LEADER |
00000cam a2200000 a 4500 |
| 001 |
UCF0514 |
| 003 |
CL-VaPUC |
| 008 |
120531e20090000CL |||||||||||||||||spa|d |
| 082 |
0 |
4 |
|a 658.4013
|b INS
|2 21
|
| 110 |
2 |
|
|a Instituto Nacional de Normalización
|e author
|9 562273
|
| 710 |
2 |
|
|a INN
|e author
|9 562274
|
| 245 |
1 |
0 |
|a Norma Chilena Oficial NCh-ISO 9001. Of 2009: sistemas de gestión de la calidad - Requisitos
|
| 246 |
1 |
0 |
|a NCh-ISO 9001.Of 2009: Sistemas de gestión de la calidad - Requisitos
|
| 250 |
|
|
|a 1a. ed
|
| 300 |
|
|
|a 32 P
|
| 942 |
|
|
|c BK
|
| 945 |
|
|
|d 20120531 00:00:00
|a cmena
|
| 260 |
|
|
|a Santiago
|b INN
|c 2009
|
| 500 |
|
|
|a Correspondencia con norma internacional, ISO 9001:2008, S, IDT
|
| 650 |
|
0 |
|a Control de calidad
|9 259714
|
| 650 |
|
7 |
|a CONTROL DE PRODUCCION
|2 CL-VaPUC
|9 271421
|
| 650 |
|
0 |
|a Gestión de la producción
|9 259467
|
| 650 |
|
0 |
|a Normalización
|9 262666
|
| 583 |
|
|
|a last modification
|c 20130308 07:46:01
|k Rodrigo Vera
|
| 999 |
|
|
|c 347771
|d 347769
|